Světoví bankéři mají největší obavy ze státních zásahů

Prieskum založený na názoroch predstaviteľov finančného sveta zo 49 krajín vrátane zástupcov českých bánk. Centrum pre výskum finančných inovácií (CSFI). Banky vs. spoločnosť. Politické zásahy v období finančnej krízy. Desať najväčších hrozieb pre český bankový sektor.

Salvato in:
Dettagli Bibliografici
Natura: Capitolo di libro
Lingua:ceco
Soggetti:
Tags: Aggiungi Tag
Nessun Tag, puoi essere il primo ad aggiungerne!!

MARC

LEADER 00000naa$a2200000$$$4500
001 0111444
005 20231129093311.1
041 0 |a cze 
044 |a CZ 
245 1 0 |a Světoví bankéři mají největší obavy ze státních zásahů 
520 |a Prieskum založený na názoroch predstaviteľov finančného sveta zo 49 krajín vrátane zástupcov českých bánk. Centrum pre výskum finančných inovácií (CSFI). Banky vs. spoločnosť. Politické zásahy v období finančnej krízy. Desať najväčších hrozieb pre český bankový sektor. 
610 2 0 |a bankovníctvo 
610 2 0 |a Česko 
610 2 0 |a kríza finančná 
610 2 0 |a služby bankové 
610 2 0 |a riziko úverové 
610 2 0 |a politika finančná 
610 2 0 |a riadenie rizík 
610 2 0 |a dohľad bankový 
610 2 0 |a regulácia